「ざ」で終わる駅名 - Statistics

General Stats
  • This quiz has been taken 167 times
  • The average score is 4 of 12
Answer Stats
都府県 駅名 読み % Correct
東京都 銀座 ぎんざ
66%
埼玉県 新座 にいざ
65%
大阪府 阿波座 あわざ
59%
新潟県 しんざ しんざ
58%
東京都 東銀座 ひがしぎんざ
53%
東京都 戸越銀座 とごしぎんざ
34%
和歌山県 古座 こざ
31%
長崎県 佐々 さざ
22%
山形県 遊佐 ゆざ
20%
静岡県 寸座 すんざ
14%
静岡県 円座 えんざ
12%
神奈川県 たまプラーザ たまぷらーざ
12%
No matching quizzes found
Score Distribution
Percent of People with Each Score
Percentile by Number Answered
Your Score History
You have not taken this quiz